| 000 | 00600nam a2200205 i 4500 | ||
|---|---|---|---|
| 001 | 137460 | ||
| 003 | ES-MaACL | ||
| 005 | 20240126063015.0 | ||
| 007 | t| | ||
| 008 | 070214s1969 sp |||| |dspa d | ||
| 080 | _a929(460)(047.53) | ||
| 100 | 1 |
_aArco, Manuel del, _d1909-1971 _922504 |
|
| 245 | 1 | 0 |
_aHablar con ton y son _b: [111 personajes hablan en voz alta] / _cDel Arco. |
| 250 | _a1ª ed. | ||
| 260 |
_aBarcelona : _bPlaneta, _c1969. |
||
| 300 |
_a479 p. ; _c21 cm. |
||
| 650 | 4 |
_aEspañoles- _vEntrevistas. _9167822 |
|
| 852 |
_aES-MaACL _jC-38851 |
||
| 999 |
_c137460 _d137460 |
||